000 00477nam a2200205Ia 4500
003 OSt
005 20230420153200.0
008 210423s2004 xx 000 0 und d
020 _a8129101599
040 _cAL
041 _aeng
082 _a823 HART
100 _aHARDY (Thomas).
_991184
245 _aJude the obscure.
260 _aNew Delhi
_bRupa and Company
_c2004
300 _axii,500
_bPB
365 _b95
_cINR
906 _aJude ; obscure.
942 _2ddc
_cBK
999 _c160364
_d160364